Southville International School and Colleges
Your cart is empty.
  • Cart
  • Lists
    Public lists Eva Luna New books Lux_list list_1
    Your lists Log in to create your own lists
  • Log in to your account
  • Your cookies
  • Search history
Southville International School and Colleges
  • Advanced search
  • Recent comments
  • Most popular
  • Libraries

Log in to your account

Log in with GOOGLE


If you do not have an external account, but do have a local account, you can still log in:

  1. Home
  2. MARC view: From Manila with love: A balikbayan story
Normal view MARC view ISBD view

From Manila with love: A balikbayan story (Record no. 365007)

[ view plain ]
MARC details
000 -LEADER
fixed length control field 00557nam a22001697a 4500
003 - CONTROL NUMBER IDENTIFIER
control field 0
005 - DATE AND TIME OF LATEST TRANSACTION
control field 20230619100219.0
008 - FIXED-LENGTH DATA ELEMENTS--GENERAL INFORMATION
fixed length control field 230619b xxu||||| |||| 00| 0 eng d
020 ## - INTERNATIONAL STANDARD BOOK NUMBER
International Standard Book Number 978-971-630-183-0
082 ## - DEWEY DECIMAL CLASSIFICATION NUMBER
Classification number Fil. 372.40834
Item number .Ca236 2015
245 ## - TITLE STATEMENT
Title From Manila with love: A balikbayan story
Statement of responsibility, etc Capelle, Amy Luna
260 ## - PUBLICATION, DISTRIBUTION, ETC. (IMPRINT)
Place of publication, distribution, etc Manila
Name of publisher, distributor, etc Tahanan Books for Young Readers
Date of publication, distribution, etc c2015
300 ## - PHYSICAL DESCRIPTION
Extent 24pp.
Other physical details col. ill.
Dimensions 23cm.
500 ## - GENERAL NOTE
General note Readers (Elementary).
500 ## - GENERAL NOTE
General note Manila (Philippines)-Description and travel-Juvenile fiction.
942 ## - ADDED ENTRY ELEMENTS (KOHA)
Source of classification or shelving scheme Dewey Decimal Classification
Koha item type Books
Holdings
Withdrawn status Lost status Source of classification or shelving scheme Damaged status Home library Current library Shelving location Date acquired Source of acquisition Sub Shelving location Total Checkouts Full call number Barcode Date last seen Price effective from Koha item type
    Dewey Decimal Classification   Munich Library Munich Library Filipiniana Section 06/19/2023 Library Fund     Fil. 372.40834 Ca236 2015 M8330 06/19/2023 06/19/2023 Books

From Manila with love: A balikbayan story

APA

(2015). From Manila with love: A balikbayan story. Manila: Tahanan Books for Young Readers.

Chicago

2015. From Manila with love: A balikbayan story. Manila: Tahanan Books for Young Readers.

Harvard

(2015). From Manila with love: A balikbayan story. Manila: Tahanan Books for Young Readers.

MLA

From Manila with love: A balikbayan story. Manila: Tahanan Books for Young Readers. 2015.

  • Place hold
  • Print
  • Cite
  • Add to your cart (remove)
  • Save record
    BIBTEX Dublin Core MARCXML MARC (non-Unicode/MARC-8) MARC (Unicode/UTF-8) MARC (Unicode/UTF-8, Standard) MODS (XML) RIS
  • More searches
    Search for this title in:
    Other Libraries (WorldCat) Other Databases (Google Scholar) Online Stores (Bookfinder.com) Open Library (openlibrary.org)

Exporting to Dublin Core...

SOUTHVILLE LIBRARY

Southville International School and Colleges Library

1281 Tropical Ave. Cor. Luxembourg St., BF Homes International, Las Pinas City

Tel. No. 8256374 / 252358 Loc. 117/146

Powered by Koha